000 00543nam a22001577a 4500
003 NUST
038 _aNusrat Nadeem
082 _a200
100 _aMaha Amir,
_9133505
245 _aThe Mechanism of Business Support: Linking Incubator Services to Entrepreneurial Decision Efficiency/
_cAmir, Maha
264 _aIslamabad:
_bNBS NUST.
_c2025.
650 _aMS- Innovation and Entrepreneurship
_9114384
700 _aSupervisor: Dr. Ayesha Abrar
_9120210
856 _u http://10.250.8.41:8080/xmlui/handle/123456789/57414
942 _2ddc
_cSC
999 _c616464
_d616464